| 000 | 00763cam a22002412 4500 | ||
|---|---|---|---|
| 001 | 0000002519 | ||
| 005 | 20151021151058.0 | ||
| 008 | 070412s xx 000 0 eng d | ||
| 020 |
_a0273658492 : _cKES 4,440 |
||
| 040 |
_aKABU _cKABU |
||
| 050 | 0 |
_aHF5635 _b.L49 2004 |
|
| 100 | 1 |
_aLewis, Richard. _@0000021098 |
|
| 245 | 1 | 0 |
_aAdvanced financial accounting / _cRichard Lewis, David Pendrill. |
| 250 | _a7th ed. | ||
| 260 |
_aHarlow, England : _bPrentice Hall, _c2004. |
||
| 300 |
_axiv, 720 p. ; _c25 cm. |
||
| 504 | _aIncludes bibliographical references and index. | ||
| 650 | 0 |
_aAccounting. _@0000148321 |
|
| 700 | 1 |
_aPendrill, David. _@0000151897 |
|
| 908 | _a070412 | ||
| 950 | _@1 | ||
| 999 |
_c441 _d441 |
||